MDQL
is popping MORE tags! Check the
thread
!
Quizzes
Events
Quiz Creation
Community
Videos
Private Events
Remove Ads
Sign In
Join for FREE
Feedback
Dark Mode
Quiz Categories
Sports
Geography
Music
Movies
Television
Just For Fun
Miscellaneous
History
Literature
Language
Science
Gaming
Entertainment
Religion
Holiday
For Kids
Quiz Lab
Recent
Popular Today
Quiz Kudos Today
Editor Picks
Curator Picks
Quizzes by...
Day
Popularity
Type
Ratings
Length
Year
Community
Subscriptions
Recent Discussions
Orange Saloon
Badges
Playlists
Quests
Create
Leaderboards
Showdown
Live 5
Trivia Bingo
Activity
Puzzle Library
Sporcle Events
Private Events
Virtual Trivia
Globe League
Become a Host
Pub Owners
SporcleCon
Opinionation
Our Games
Videos
Blog
Mobile Apps
Partnerships
Remove Ads and Go Orange
Feedback
Sports
Athletes
MLB
NBA
NHL
NFL
Soccer
Sports Teams
WWE
NCAA
Football
Premier League
Basketball
Baseball
Hockey
Golf
Tennis
Cricket
Rugby
Auto Racing
Olympics
World Cup
Sports
Athletes
MLB
NBA
NHL
NFL
Soccer
Sports Teams
WWE
NCAA
Football
Premier League
Basketball
Baseball
Hockey
Golf
Tennis
Cricket
Rugby
Auto Racing
Olympics
World Cup
Random Quiz
Search Sporcle
×
Quiz Lab
Quiz Lab
Sports
Cycling
Type in answers that appear in a list
Type in answers that appear in a list
Classic
Best Score? Go Orange.
2016 Giro d'Italia riders Stats
Can you name the 2016 Giro d'Italia riders?
By
Calum513
20m
198 Questions
122 Plays
122 Plays
122 Plays
Comments
Comments
Give Quiz Kudos
Give Quiz Kudos
-
- Ratings
hide this ad
Replay
Link that replays current quiz
Next Quiz
Link to next quiz in quiz playlist
You Got
0%
They Got
Avg Score
47%
Avg Friend Score
Upgrade to see
Score Distribution
Jump to the score distribution portion of the page
Score
0/198
Timer
20:00
0
Plays Today
Hint
Answer
% Correct
Astana Pro Team
Vincenzo Nibali
95.1%
AG2R La Mondiale
Domenico Pozzovivo
91.8%
Tinkoff
Rafal Majka
90.2%
Etixx -
Quick Step
Marcel Kittel
89.3%
Orica GreenEDGE
Esteban Chaves
89.3%
Cannondale Pro Cycling Team
Rigoberto Uran
88.5%
Movistar Team
Andrey Amador
88.5%
Team Giant -
Alpecin
Tom Dumoulin
88.5%
Astana Pro Team
Tanel Kangert
87.7%
Astana Pro Team
Jakob Fuglsang
86.9%
Etixx -
Quick Step
Bob Jungels
86.9%
Movistar Team
Alejandro Valverde
85.2%
Team Sky
Mikel Landa
83.6%
Team Sky
Nicolas Roche
82.8%
Cannondale Pro Cycling Team
Ramunas Navardauskas
82%
Team LottoNL -
Jumbo
Steven Kruijswijk
82%
BMC Racing Team
Darwin Atapuma
81.1%
Team Katusha
Ilnur Zakarin
81.1%
Team Sky
Sebastian Henao
81.1%
Trek -
Segafredo
Ryder Hesjedal
79.5%
Team Katusha
Rein Taaramae
78.7%
Astana Pro Team
Michele Scarponi
77.9%
Lotto Soudal
Andre Greipel
77.9%
Etixx -
Quick Step
Gianluca Brambilla
77%
Lotto Soudal
Adam Hansen
77%
Team Sky
Christian Knees
77%
FDJ
Arnaud Demare
76.2%
Nippo -
Vini Fantini
Damiano Cunego
76.2%
Team Sky
Mikel Nieve
76.2%
Dimension Data
Igor Anton
74.6%
Team LottoNL -
Jumbo
Primoz Roglic
73%
Lampre -
Merida
Diego Ulissi
72.1%
Orica GreenEDGE
Svein Tuft
71.3%
Gazprom -
RusVelo
Alexander Foliforov
70.5%
Lotto Soudal
Lars Ytting Bak
70.5%
Dimension Data
Kanstantsin Siutsou
69.7%
Team LottoNL -
Jumbo
Enrico Battaglin
69.7%
Astana Pro Team
Andrey Zeits
68.9%
BMC Racing Team
Daniel Oss
68.9%
FDJ
Murilo Fischer
68.9%
Movistar Team
Jasha Sutterlin
68.9%
Lotto Soudal
Tim Wellens
68%
Orica GreenEDGE
Luka Mezgec
68%
Team Sky
David Lopez
68%
Movistar Team
Giovanni Visconti
67.2%
Etixx -
Quick Step
David De La Cruz
66.4%
Etixx -
Quick Step
Matteo Trentin
66.4%
Bardiani -
CSF
Stefano Pirazzi
64.8%
AG2R La Mondiale
Hugo Houle
63.9%
Movistar Team
Jose Joaquin Rojas
63.1%
Team Sky
Philip Deignan
63.1%
Astana Pro Team
Valerio Agnoli
62.3%
Cannondale Pro Cycling Team
Davide Formolo
61.5%
Team Giant -
Alpecin
Chad Haga
61.5%
Trek -
Segafredo
Giacomo Nizzolo
61.5%
Etixx -
Quick Step
Lukasz Wisniowski
60.7%
Lampre -
Merida
Sacha Modolo
60.7%
Orica GreenEDGE
Ruben Plaza
60.7%
Dimension Data
Merhawi Kudus
59%
FDJ
Ignatas Konovalovas
59%
Team Giant -
Alpecin
Georg Preidler
59%
Bardiani -
CSF
Giulio Ciccone
58.2%
Bardiani -
CSF
Sonny Colbrelli
58.2%
Lampre -
Merida
Przemyslaw Niemiec
58.2%
Team Sky
Ian Boswell
58.2%
Wilier -
Southeast
Filippo Pozzato
58.2%
Hint
Answer
% Correct
BMC Racing Team
Alessandro De Marchi
57.4%
Team Sky
Elia Viviani
57.4%
AG2R La Mondiale
Matteo Montaguti
55.7%
Bardiani -
CSF
Nicola Boem
55.7%
Movistar Team
Rory Sutherland
55.7%
BMC Racing Team
Stefan Kung
54.9%
Cannondale Pro Cycling Team
Simon Clarke
54.9%
Movistar Team
Jose Herrada
54.9%
Tinkoff
Matteo Tosatto
54.9%
BMC Racing Team
Manuel Quinziato
54.1%
Dimension Data
Omar Fraile
54.1%
Etixx -
Quick Step
Fabio Sabatini
54.1%
Movistar Team
Carlos Betancur
54.1%
Cannondale Pro Cycling Team
Moreno Moser
53.3%
Dimension Data
Kristian Sbaragli
52.5%
IAM Cyling
Heinrich Haussler
52.5%
Team Giant -
Alpecin
Nikias Arndt
52.5%
Tinkoff
Manuele Boaro
52.5%
Trek -
Segafredo
Laurent Didier
52.5%
Tinkoff
Jesus Hernandez
51.6%
Trek -
Segafredo
Fabian Cancellara
51.6%
Cannondale Pro Cycling Team
Joe Dombrowski
50.8%
Etixx -
Quick Step
Carlos Verona
50.8%
FDJ
Alexandre Geniez
50.8%
Gazprom -
RusVelo
Sergey Firsanov
49.2%
IAM Cyling
Matthias Brandle
49.2%
Team Giant -
Alpecin
Cheng Ji
48.4%
Cannondale Pro Cycling Team
Andre Cardoso
45.9%
Nippo -
Vini Fantini
Eduard Michael Grosu
45.9%
Tinkoff
Pawel Poljanski
45.9%
Lampre -
Merida
Roberto Ferrari
45.1%
Orica GreenEDGE
Sam Bewley
45.1%
AG2R La Mondiale
Hubert Dupont
44.3%
IAM Cyling
Roger Kluge
44.3%
Lampre -
Merida
Valerio Conti
44.3%
Tinkoff
Pavel Brutt
44.3%
BMC Racing Team
Rick Zabel
43.4%
Lampre -
Merida
Manuele Mori
43.4%
Orica GreenEDGE
Caleb Ewan
43.4%
Orica GreenEDGE
Michael Hepburn
42.6%
AG2R La Mondiale
Patrick Gretsch
41.8%
AG2R La Mondiale
Jean Christophe Peraud
41.8%
IAM Cyling
Marcel Wyss
41.8%
Orica GreenEDGE
Damien Howson
41.8%
Team LottoNL -
Jumbo
Jos Van Emden
41.8%
Trek -
Segafredo
Eugenio Alafaci
41.8%
Wilier -
Southeast
Eugert Zhupa
41.8%
Astana Pro Team
Eros Capecchi
41%
Dimension Data
Johann Van Zyl
41%
Dimension Data
Jaco Venter
40.2%
Lampre -
Merida
Matej Mohoric
40.2%
Movistar Team
Javier Moreno
40.2%
Tinkoff
Ivan Rovny
40.2%
IAM Cyling
Stefan Denifl
39.3%
Nippo -
Vini Fantini
Grega Bole
39.3%
Tinkoff
Jay McCarthy
39.3%
Trek -
Segafredo
Riccardo Zoidl
39.3%
IAM Cyling
Matteo Pelucchi
38.5%
Bardiani -
CSF
Francesco Manuel Bongiorno
37.7%
BMC Racing Team
Silvan Dillier
37.7%
Etixx -
Quick Step
Pieter Serry
37.7%
Team Katusha
Alexander Porsev
37.7%
Team LottoNL -
Jumbo
Bram Tankink
37.7%
Bardiani -
CSF
Nicola Ruffoni
36.9%
FDJ
Mickael Delage
36.9%
IAM Cyling
Larry Warbasse
36.9%
Hint
Answer
% Correct
Gazprom -
RusVelo
Alexandr Kolobnev
36.1%
Team Giant -
Alpecin
Albert Timmer
36.1%
Trek -
Segafredo
Boy Van Poppel
36.1%
Cannondale Pro Cycling Team
Alberto Bettiol
34.4%
IAM Cyling
Vegard Stake Laengen
34.4%
Lampre -
Merida
Ilia Koshevoy
34.4%
Lotto Soudal
Jurgen Roelandts
34.4%
Orica GreenEDGE
Amets Txurruka
34.4%
Team Katusha
Maxim Belkov
34.4%
Team Katusha
Viacheslav Kuznetsov
34.4%
Astana Pro Team
Davide Malacarne
33.6%
AG2R La Mondiale
Axel Domont
32.8%
Lotto Soudal
Maxime Monfort
32.8%
Team Giant -
Alpecin
Bert De Backer
32.8%
Team Katusha
Egor Silin
32.8%
Wilier -
Southeast
Jakub Mareczko
32%
Dimension Data
Jay Robert Thomson
30.3%
Wilier -
Southeast
Cristian Rodriguez
30.3%
Astana Pro Team
Bakhtiyar Kozhatayev
28.7%
FDJ
Benoit Vaugrenard
28.7%
BMC Racing Team
Manuel Senni
27.9%
FDJ
Olivier Le Gac
27.9%
Lotto Soudal
Jelle Vanendert
27.9%
Tinkoff
Evgeni Petrov
27.9%
Team LottoNL -
Jumbo
Maarten Tjallingii
27%
AG2R La Mondiale
Blel Kadri
26.2%
Lotto Soudal
Pim Ligthart
26.2%
Trek -
Segafredo
Marco Coledan
26.2%
AG2R La Mondiale
Guillaume Bonnafond
25.4%
BMC Racing Team
Joey Rosskopf
25.4%
Team Katusha
Pavel Kochetkov
25.4%
Team LottoNL -
Jumbo
Moreno Hofland
24.6%
Wilier -
Southeast
Daniel Felipe Martinez
23.8%
Lotto Soudal
Sean De Bie
23%
Team Giant -
Alpecin
Tom Stamsnijder
23%
Team Katusha
Alexey Tsatevich
23%
Wilier -
Southeast
Julen Amezqueta
23%
Lampre -
Merida
Simone Petilli
22.1%
Bardiani -
CSF
Mirco Maestri
21.3%
IAM Cyling
Leigh Howard
21.3%
Team LottoNL -
Jumbo
Martijn Keizer
21.3%
FDJ
Arnaud Courteille
18.9%
FDJ
Marc Sarreau
18%
Bardiani -
CSF
Paolo Simion
17.2%
Cannondale Pro Cycling Team
Nathan Brown
17.2%
Dimension Data
Songezo Jim
16.4%
Gazprom -
RusVelo
Artem Ovechkin
16.4%
Trek -
Segafredo
Jack Bobridge
15.6%
Gazprom -
RusVelo
Alexander Serov
13.9%
Wilier -
Southeast
Manuel Belletti
13.1%
Wilier -
Southeast
Matteo Busato
12.3%
Gazprom -
RusVelo
Alexey Rybalkin
11.5%
Team Katusha
Anton Vorobyev
10.7%
Team LottoNL -
Jumbo
Twan Castelijns
9.8%
Bardiani -
CSF
Simone Andreeta
9%
Nippo -
Vini Fantini
Alessandro Bisolti
9%
Gazprom -
RusVelo
Ivan Savitskiy
8.2%
Nippo -
Vini Fantini
Iuri Filosi
8.2%
Nippo -
Vini Fantini
Genki Yamamoto
8.2%
Nippo -
Vini Fantini
Riccardo Stacchiotti
7.4%
Team Giant -
Alpecin
Tobias Ludvigsson
7.4%
Gazprom -
RusVelo
Andrei Solomennikov
5.7%
Nippo -
Vini Fantini
Giacomo Berlato
5.7%
Nippo -
Vini Fantini
Gianfranco Zilioli
5.7%
Wilier -
Southeast
Liam Bertazzo
4.9%
Gazprom -
RusVelo
Artur Ershov
4.1%
Quiz Playlist
Details
Report
Send in Message
Add To Playlist
Classic:
Type in answers that appear in a list
Quiz Source
Last Updated: Apr 22, 2017
Quiz Scoreboard
CHALLENGE
Sign Up to Join the Scoreboard
Show All
Scores
Hide
Comments
May contain spoilers
Recently Published
Find the 'City' Movie
by crazypaving
Movies
60s
5x2 Blitz: Bands
by SL_Kpop136
Music
30s
Colored Red Africa Blitz
by spor1
Geography
30s
More to Explore
Quiz From the Vault
Featured Blog Post
14 Easter Pick-up Lines to Find Eggs With
hide this ad
You Might Also Like...
Tags
2016
Cycling
Cycling Team
Italy
Rider
UCI Cycling
Today's Top Quizzes in Sports
Browse Sports
hide this ad
Today's Top Quizzes in Cycling
Browse Cycling
Top Contributed Quizzes in Sports
1
Players with Multiple 50 Home Run Seasons
2
Les entraîneurs de l'OM et du PSG au 21e siècle
3
Criteria MLB: Left Handed Sluggers
4
2022 World Cup Stars
5
Les meilleurs buteurs des matchs entre le PSG et l’OM
6
Who Hit More Homers?
7
Les joueurs passés par le PSG et l'OM
8
NBA Logic Puzzle 2.0
9
Top 10 NHL Goal Scorers of All Time
10
MLB Players with Two .350 Batting Average Seasons
Explore More
Trending Topics
Crossword
Anime
Harry Potter
Marvel
Disney
Kpop
NBA
Song
NFL
Country
Soccer
WWE
The Office
Pokémon
Puzzle
hide this ad
More By:
Calum513
Quiz
Plays
Rating
Category
Featured
Created
Counties of Ireland (List)
222
Geography
Nov 19, 2021
2016 Vuelta a Espana riders
201
5.00
Sports
Sep 12, 2016
2016 Tour de France riders
176
5.00
Sports
Aug 23, 2016
2016 Giro d'Italia riders
122
5.00
Sports
Aug 27, 2016
Irish Counties by sorted isogram
22
Geography
Nov 22, 2021
Go to Creator's Profile
Score Distribution
Quiz Creator Spotlight
Calum513
Follow
Send a Message
Quizzes Created
-
Created Quiz Play Count
-
More By This Creator
Popular Quizzes Today
1
Colored Red Africa Blitz
2
Find the US States - No Outlines Minefield
3
Find the 'City' Movie
4
5x2 Blitz: Bands
5
The Countries of the World
6
Find the US States
7
US States
8
9x9 Crossword: Cartoon Network
More Sports Quizzes
NBA drafted players from Kentucky
Quiz Lab
Trending Quizzes
Colored Red Europe Blitz I
Colored Red Europe Blitz II
Colored Red Africa Blitz II
Colored Red Africa Blitz III
Colored Red Europe Blitz III
Recently Updated
Godzilla Movies
pecheneg
Grab Bag: 4-10 Letters
pecheneg
2024 March Madness Bracket
pecheneg
Famous TV Couples
Peacemaker
Champions League XIs: Real Madrid
pecheneg
Largest US Cities 1790-2010
pecheneg
Rides in Walt Disney World
pecheneg
Most Oscar Losses (Acting)
pecheneg
Beyoncé Albums
pecheneg
Leaping Animals
pecheneg
Trending Topics
Harry Potter
Marvel
Anime
Kpop
Crossword
NBA
Disney
Soccer
Puzzle
WWE
Pokémon
Song
Country
The Office
NFL
Your Account Isn't Verified!
In order to create a playlist on Sporcle, you need to verify the email address you used during registration. Go to your
Sporcle Settings
to finish the process.
Report this User
Report this user for behavior that violates our
Community Guidelines
.
Details:
Send Report
Go to the Sporcle.com Mobile Site →
Comments